| 000 | 01089nam a22003377a 4500 | ||
|---|---|---|---|
| 001 | BR0303130 | ||
| 003 | BR-BrBNA | ||
| 005 | 20230928101309.0 | ||
| 007 | ta | ||
| 008 | 230509b bl.||||| |||| 00| 0 por d | ||
| 040 |
_aBR-BrBNA _bpor _cBiblioteca Nacional de Agricultura |
||
| 041 | _a(Por) | ||
| 072 |
_aL53; L73 _b5214 |
||
| 090 | _ 5214 BR0303130 | ||
| 100 | 1 | _aKonrad, P.A. | |
| 110 | 1 |
_aUniversidade Federal de Minas Gerais, Belo Horizonte (Brasil). Escola de Veterinária _0Tese (Mestre em Medicina Veterinária> |
|
| 245 | 1 | _aInquérito sorológico de agentes infecciosos que afetam a reprodução bovinos leiteiros em Minas Gerais, 2001-2002 | |
| 260 | 3 |
_aBelo Horizonte, MG (Brasil): _c2003. |
|
| 300 | _a40 p. | ||
| 500 | _aSummaries (Eng, Por); Bibliography p. 36-40; 9 tables | ||
| 650 | _aGADO LEITEIRO | ||
| 650 | _aBRUCELOSE | ||
| 650 | _aLEPTOSPIROSE | ||
| 650 | _aLÍNGUA AZUL | ||
| 650 | _aDIARRÉIA | ||
| 650 | _aRINOTRAQUEÍTE | ||
| 650 | _aABORTO | ||
| 650 | _aEFICIÊNCIA REPRODUTIVA | ||
| 909 |
_a202309 _bLucia _c55 _dLucia Elande |
||
| 942 | _cBK | ||
| 999 |
_c65136 _d65136 |
||